000 00365nam a2200133 i 4500
001 46010
003 ES-MaACL
007 t|
008 030327s1908 sp ||||1| fre d
245 0 0 _aConférence Internationale d'Algeciras de 1906.
260 _a[Madrid :
_bs.n.,
_c1908] (
_fImp. de José Biass y Cª)
300 _a410 p. ;
_c34 cm.
852 _aES-MaACL
_jB-8641
999 _c46010
_d46010